000 00500nam a22002057a 4500
003 OSt
008 230510b |||||||| |||| 00| 0 eng d
020 _a9788190953894
082 _a510 JAE
100 _aJAIN, ML
245 _aElements of Mathematical Foundations For BCA-11nd sem
250 _a-
260 _aNEW DELHI
_bJeevansons Pub.
_c2018
300 _aMISC
650 _aDecentralization
700 _aPUNIA,Rajkala
700 _aSHARMA,JK
700 _aNIKET
942 _2ddc
_cREF
999 _c12015
_d12015